[Event "6th Paul Keres mem"]
[Site "Tallinn URS"]
[Date "1979.02.22"]
[Round "2"]
[White "Petrosian, Tigran"]
[Black "Bronstein, David"]
[Result "1-0"]
[WhiteElo "2610"]
[BlackElo "2555"]
[EventDate "1979.02.20"]
[PlyCount "79"]

1. d4 Nf6 2. c4 e6 3. Nc3 Bb4 4. e3 O-O 5. Bd3 c5 6. Nge2 d5 7. O-O cxd4 8. exd4 dxc4 9. Bxc4 Nbd7 10. Qd3 a6 11. a4 b6 12. Bg5 Bb7 13. Rac1 Be7 14. Rfd1 Re8 15. h3 h6 16. Be3 Bb4 17. Nf4 Bxc3 18. Qxc3 Ne4 19. Qb3 Qf6 20. Be2 Nd6 21. Rc7 Qd8 22. Rdc1 Rb8 23. Bg4 Nf6 24. Nxe6 fxe6 25. Bxe6+ Kh8 26. Bf4 Re7 27. R7c2 Be4 28. Rc3 b5 29. a5 Ra8 30. Rc5 Qe8 31. d5 Nc4 32. f3 Bxd5 33. Bxd5 Nxd5 34. Rxd5 Re2 35. Qd3 Rxb2 36. Bxh6 gxh6 37. Rxc4 Qe1+ 38. Kh2 Qf2 39. Qc3+ Kg8 40. Rg4+ 1-0

[Event "6th Paul Keres mem"]
[Site "Tallinn URS"]
[Date "1979.02.28"]
[Round "6"]
[White "Hartston, William Roland"]
[Black "Bronstein, David"]
[Result "0-1"]
[WhiteElo "2485"]
[BlackElo "2555"]
[EventDate "1979.02.20"]
[PlyCount "76"]

1. d4 Nf6 2. Nf3 e6 3. c4 c5 4. d5 exd5 5. cxd5 d6 6. Nc3 a6 7. a4 g6 8. Bg5 h6 9. Bh4 Bg7 10. e3 Bg4 11. Qc2 Bxf3 12. gxf3 Nbd7 13. a5 O-O 14. f4 b5 15. axb6 Qxb6 16. Ra2 Qb4 17. Bg2 c4 18. O-O Nc5 19. Rd1 Rfc8 20. Bf1 Rab8 21. f3 Nh5 22. Be1 f5 23. Kh1 Re8 24. Qf2 Qb3 25. Rda1 Nd3 26. Bxd3 cxd3 27. e4 Nxf4 28. Bd2 Ne2 29. Qg2 Nxc3 30. bxc3 Qxa2 31. Rxa2 Rb1+ 32. Qg1 Rxg1+ 33. Kxg1 fxe4 34. fxe4 Rxe4 35. Rxa6 Re2 36. Ra2 g5 37. c4 Kf7 38. h3 Kg6 0-1

[Event "6th Paul Keres mem"]
[Site "Tallinn URS"]
[Date "1979.02.28"]
[Round "6"]
[White "Ivanovic, Bozidar"]
[Black "Sax, Gyula"]
[Result "1-0"]
[WhiteElo "2460"]
[BlackElo "2590"]
[EventDate "1979.02.20"]
[PlyCount "75"]

1. e4 c5 2. Nf3 e6 3. d4 cxd4 4. Nxd4 Nf6 5. Nc3 d6 6. g4 h6 7. h4 Be7 8. Rh3 Nfd7 9. h5 a6 10. Bg2 Nc6 11. b3 Qb6 12. Nde2 Nde5 13. Na4 Qa5+ 14. Bd2 Qc7 15. Ng1 b5 16. Nb2 Bf6 17. c3 Bb7 18. f4 Nd7 19. Ne2 Nc5 20. Qc2 a5 21. Rd1 Nd7 22. Bc1 d5 23. e5 Be7 24. Kf1 a4 25. Nd3 axb3 26. axb3 Nc5 27. Nd4 Nxd3 28. Nxb5 Qb6 29. Qxd3 Ba6 30. c4 Bxb5 31. cxb5 Nb4 32. Qe2 Ra2 33. Bd2 O-O 34. g5 hxg5 35. h6 g6 36. h7+ Kh8 37. fxg5 d4 38. Bxb4 1-0

[Event "6th Paul Keres mem"]
[Site "Tallinn URS"]
[Date "1979.03.06"]
[Round "10"]
[White "Hartston, William Roland"]
[Black "Zilberstein, Valery"]
[Result "1/2-1/2"]
[WhiteElo "2485"]
[BlackElo "2455"]
[EventDate "1979.02.20"]
[PlyCount "81"]

1. d4 Nf6 2. Nf3 g6 3. c4 Bg7 4. Nc3 d5 5. cxd5 Nxd5 6. e4 Nxc3 7. bxc3 c5 8. Bb5+ Nc6 9. O-O cxd4 10. cxd4 O-O 11. Bxc6 bxc6 12. Ba3 Bg4 13. Bc5 Re8 14. Rc1 Qa5 15. Qd2 Qa4 16. Rc3 Bxf3 17. Rxf3 e5 18. Ra3 Qb5 19. Rb3 Qa4 20. Ra3 Qb5 21. Ra5 Bh6 22. Qc3 exd4 23. Bxd4 Qb7 24. f3 Red8 25. Qc5 Qb6 26. Rxa7 Qxc5 27. Bxc5 Rxa7 28. Bxa7 Ra8 29. Bd4 Rxa2 30. Rb1 Ra8 31. Kf2 Bg7 32. Bxg7 Kxg7 33. Rc1 Ra2+ 34. Kg3 Ra6 35. Kf4 Kf6 36. h4 h6 37. g3 Ke6 38. Rc3 Rb6 39. g4 Ra6 40. Rc2 Kf6 41. Rc5 1/2-1/2

[Event "6th Paul Keres mem"]
[Site "Tallinn URS"]
[Date "1979.03.06"]
[Round "10"]
[White "Ivanovic, Bozidar"]
[Black "Petrosian, Tigran"]
[Result "0-1"]
[WhiteElo "2460"]
[BlackElo "2610"]
[EventDate "1979.02.20"]
[PlyCount "92"]

1. e4 e5 2. Nf3 Nc6 3. d4 exd4 4. Nxd4 Bc5 5. Nb3 Bb4+ 6. c3 Be7 7. c4 Nf6 8. Nc3 O-O 9. Be2 Re8 10. f3 a5 11. a4 d6 12. O-O Nd7 13. Be3 Bf6 14. Qd2 b6 15. Nd5 Nc5 16. Ra3 Bd7 17. Nc1 Nb4 18. Bd1 Nxd5 19. cxd5 c6 20. dxc6 Bxc6 21. Nd3 d5 22. Nxc5 d4 23. Bf2 bxc5 24. Be2 Rb8 25. Bc4 Rb4 26. b3 Be5 27. Qd3 Rb7 28. Ra2 Bd7 29. Bd5 Rb8 30. Rc2 Be6 31. Rxc5 Bxh2+ 32. Kh1 Bd6 33. Rc4 Qg5 34. Bxe6 Rxe6 35. Rfc1 Rf8 36. Rc8 Ree8 37. R8c6 Re6 38. Rc8 Rg6 39. Rxf8+ Bxf8 40. Qf1 d3 41. g3 d2 42. Rd1 Rc6 43. Kg2 Rc1 44. Bb6 Bd6 45. Bf2 h5 46. Qe2 Bxg3 0-1

[Event "6th Paul Keres mem"]
[Site "Tallinn URS"]
[Date "1979.03.09"]
[Round "12"]
[White "Knaak, Rainer"]
[Black "Bronstein, David"]
[Result "1-0"]
[WhiteElo "2565"]
[BlackElo "2555"]
[EventDate "1979.02.20"]
[PlyCount "67"]

1. d4 Nf6 2. c4 e6 3. Nc3 Bb4 4. e3 b6 5. Nge2 Ba6 6. Ng3 h5 7. h4 Bb7 8. Qd3 d5 9. cxd5 exd5 10. Qc2 c5 11. a3 cxd4 12. axb4 dxc3 13. bxc3 Nbd7 14. Nf5 O-O 15. Bb2 Ne5 16. c4 Re8 17. c5 bxc5 18. bxc5 d4 19. Nd6 dxe3 20. f4 Neg4 21. Bc4 Re7 22. Qg6 Be4 23. Qg5 e2 24. Rh3 Rb8 25. Bc3 Bc2 26. Rg3 Kf8 27. Rxg4 hxg4 28. h5 Re3 29. h6 g6 30. Qxf6 Qxf6 31. Bxf6 Kg8 32. Nxf7 Bb3 33. Ng5+ Bxc4 34. h7+ 1-0

[Event "6th Paul Keres mem"]
[Site "Tallinn URS"]
[Date "1979.03.11"]
[Round "14"]
[White "Lechtynsky, Jiri"]
[Black "Bronstein, David"]
[Result "1/2-1/2"]
[WhiteElo "2415"]
[BlackElo "2555"]
[EventDate "1979.02.20"]
[PlyCount "63"]

1. e4 e6 2. d4 d5 3. Nc3 Bb4 4. Nge2 dxe4 5. a3 Be7 6. Nxe4 Nf6 7. Nxf6+ Bxf6 8. Be3 b6 9. Nf4 Bb7 10. Qg4 Nd7 11. O-O-O Qe7 12. Be2 g6 13. Bf3 c6 14. Nd3 Qd6 15. c3 h5 16. Qe4 g5 17. h3 O-O-O 18. g4 hxg4 19. hxg4 Qd5 20. Nb4 Qxe4 21. Bxe4 Rxh1 22. Bxh1 Kc7 23. Nd3 Ba6 24. Be4 Rh8 25. Kc2 Rh4 26. Rg1 c5 27. dxc5 Bxd3+ 28. Kxd3 Nxc5+ 29. Bxc5 bxc5 30. Rh1 Rxh1 31. Bxh1 Be5 32. b4 1/2-1/2

[Event "6th Paul Keres mem"]
[Site "Tallinn URS"]
[Date "1979.03.11"]
[Round "14"]
[White "Vooremaa, Andres"]
[Black "Zilberstein, Valery"]
[Result "1/2-1/2"]
[WhiteElo "2395"]
[BlackElo "2455"]
[EventDate "1979.02.20"]
[PlyCount "36"]

1. e4 c5 2. Nf3 d6 3. d4 cxd4 4. Nxd4 Nf6 5. Nc3 a6 6. a4 g6 7. Be2 Bg7 8. Be3 Nc6 9. O-O O-O 10. Qd2 Bd7 11. Nb3 Na5 12. Nxa5 Qxa5 13. f3 Rfe8 14. Rfd1 Rac8 15. Bf1 Qc7 16. Rac1 Qa5 17. Ra1 Qc7 18. Rac1 Qa5 1/2-1/2

[Event "6th Paul Keres mem"]
[Site "Tallinn URS"]
[Date "1979.03.13"]
[Round "15"]
[White "Rantanen, Yrjo"]
[Black "Ivanovic, Bozidar"]
[Result "1-0"]
[WhiteElo "2460"]
[BlackElo "2460"]
[EventDate "1979.02.20"]
[PlyCount "61"]

1. e4 c5 2. Nf3 Nc6 3. d4 cxd4 4. Nxd4 Nf6 5. Nc3 e6 6. Be2 Bb4 7. O-O Bxc3 8. bxc3 Nxe4 9. Bd3 Nxc3 10. Qg4 Qf6 11. Nxc6 h5 12. Qg3 bxc6 13. Bd2 h4 14. Qg4 c5 15. Qc4 Nd5 16. Qxc5 h3 17. Rfe1 Bb7 18. Be4 hxg2 19. Qd6 Qd4 20. Rad1 Rh5 21. Ba5 Qc4 22. Qg3 Kf8 23. Rb1 Qa6 24. Bc3 Nxc3 25. Bxb7 Ne2+ 26. Rxe2 Qxe2 27. Bxa8 f6 28. Bf3 Qxc2 29. Rb8+ Ke7 30. Bxh5 g5 31. Re8# 1-0